00737nam a2200229 a 4500001001300000003000900013005001700022008004100039020002300080082001500103100002400118245006800142260004500210300000900255500003500264650003400299700002400333902000800357942000700365952011800372999001700490nice12345678IN_TiNIC20260116015033.0070913s2006 gena grp 000 0 eng  a3905676524 c50000a220.1bBOE aBoettcher, Reinhard aWitnessing to God`s Faithfulnessb Issuse of Biblical Authority aGenevabLutheran World Federation c2006 a240p aincludes index and biblioraphy aBible-Evidences and Authority1 aBoettcher, Reinhard bSRS cBK 001040708StackRoom-aHMIbHMId2007-10-01g500.00l0o220.1 BOEp11002010r2007-10-01v500.00w2007-09-13yBK c18049d18049